Second to None How Our Smartest Companies Put People First

Salvato in:
Dettagli Bibliografici
Autore principale: Garfield, Charles
Natura: Libro
Lingua:inglese
Pubblicazione: Homewood Business One Irwin 1992
Edizione:1. ed.
Soggetti:
Tags: Aggiungi Tag
Nessun Tag, puoi essere il primo ad aggiungerne!!

MARC

LEADER 00000nam a2200000 4500
001 c019619
005 20221206084843.3
020 |a 1-55623-360-4 
041 0 |a eng 
044 |a US 
245 1 0 |a Second to None  |b How Our Smartest Companies Put People First  |c Charles Garfield 
250 |a 1. ed. 
264 1 |a Homewood  |b Business One Irwin  |c 1992 
300 |a 454 s. 
610 2 0 |a manažment 
610 2 0 |a manažment personálny 
610 2 0 |a služby 
610 2 0 |a účasť na riadení 
610 2 0 |a zmeny organizačné 
610 2 0 |a zákazníci 
610 2 0 |a doškoľovanie 
610 2 0 |a vzdelávanie ďalšie 
610 2 0 |a práca kolektívna 
100 1 |a Garfield, Charles